| 000 | 00575nam a22001697a 4500 | ||
|---|---|---|---|
| 005 | 20241203132910.0 | ||
| 008 | 241203b |||||||| |||| 00| 0 eng d | ||
| 020 | _a0409012173 | ||
| 041 | _aEnglish | ||
| 082 | _a340.1 INT | ||
| 100 | _lEnglish | ||
| 245 |
_aIntroduction to Legal Pluralism in South Africa Part II : _bReligious Legal Systems / _cedited by C Rautenbach and NMI Goolam |
||
| 260 |
_aDurban: _bButterworth Publishers (Pty) Ltd, _c2002 |
||
| 300 |
_bxiii,151 pages; _c24 cm. |
||
| 650 |
_aLegal practice _bLaw |
||
| 942 |
_cBK _6ALISON_BN_VRIES |
||
| 999 |
_c3266 _d3266 |
||